[Event "Rusia ch Superfinal"]
[Site "Moscu RUS"]
[Date "2005.12.21"]
[Round "3.2"]
[White "Tomashevsky, Evgeny"]
[Black "Svidler, Peter"]
[Result "0-1"]
[WhiteElo "2564"]
[BlackElo "2740"]
[PlyCount "66"]
[EventDate "2005.12.19"]
[EventType "tourn"]
[EventRounds "11"]
[EventCountry "RUS"]
[EventCategory "17"]
[Source "lmi"]
[SourceDate "2005.12.30"]

1. c4 e5 2. Nc3 Nf6 3. Nf3 Nc6 4. g3 Nd4 5. Bg2 Nxf3+ 6. Bxf3 Bb4 7. Qb3 Bc5 8.
d3 c6 9. O-O O-O 10. Bg5 Be7 11. Rfd1 d6 12. Rac1 h6 13. Bd2 Qc7 14. Bg2 Bf5
15. Qa4 Qd7 16. b4 a6 17. Qb3 b5 18. a4 Be6 19. Qb2 d5 20. cxd5 cxd5 21. axb5
axb5 22. Ra1 Rfc8 23. Rdc1 Bh3 24. Bh1 Rxa1 25. Rxa1 d4 26. Ne4 Nd5 27. Qa3 Qc7
28. Rc1 Bxb4 29. Qb2 Qe7 30. Nf6+ gxf6 31. Rxc8+ Bxc8 32. Bxd5 Bxd2 33. Qxd2
Qc5 0-1

[Event "Rusia ch Superfinal"]
[Site "Moscu RUS"]
[Date "2005.12.23"]
[Round "5.2"]
[White "Rublevsky, Sergei"]
[Black "Motylev, Alexander"]
[Result "1-0"]
[WhiteElo "2652"]
[BlackElo "2632"]
[PlyCount "78"]
[EventDate "2005.12.19"]
[EventType "tourn"]
[EventRounds "11"]
[EventCountry "RUS"]
[EventCategory "17"]
[Source "lmi"]
[SourceDate "2005.12.30"]

1. e4 e5 2. Nf3 Nf6 3. d4 Nxe4 4. Bd3 d5 5. Nxe5 Nd7 6. Nxd7 Bxd7 7. O-O Bd6 8.
c4 c6 9. cxd5 cxd5 10. Nc3 Nxc3 11. bxc3 O-O 12. Qh5 g6 13. Qxd5 Qc7 14. Bh6
Rfe8 15. h4 Be6 16. Qf3 Qxc3 17. Qf6 Bf8 18. Bxf8 Rxf8 19. Rfd1 Rfd8 20. Be4
Bd5 21. Rac1 Qa3 22. Rc7 Qxa2 23. h5 Qe2 24. f3 Qa6 25. Qxa6 bxa6 26. h6 Rd6
27. Kf2 g5 28. Rdc1 Bxe4 29. Rc8+ Rd8 30. Rxd8+ Rxd8 31. fxe4 f5 32. Ke3 fxe4
33. Rc7 Rd6 34. Rg7+ Kh8 35. Rxg5 Rxh6 36. d5 a5 37. Kxe4 a4 38. Rg3 a3 39.
Rxa3 Kg8 1-0

[Event "Rusia ch Superfinal"]
[Site "Moscu RUS"]
[Date "2005.12.26"]
[Round "7.4"]
[White "Volkov, Sergey"]
[Black "Svidler, Peter"]
[Result "1/2-1/2"]
[WhiteElo "2614"]
[BlackElo "2740"]
[PlyCount "23"]
[EventDate "2005.12.19"]
[EventType "tourn"]
[EventRounds "11"]
[EventCountry "RUS"]
[EventCategory "17"]
[Source "lmi"]
[SourceDate "2005.12.30"]

1. d4 Nf6 2. c4 g6 3. Nc3 d5 4. Nf3 Bg7 5. Qb3 dxc4 6. Qxc4 O-O 7. e4 Na6 8.
Be2 c5 9. d5 e6 10. O-O exd5 11. exd5 Nb4 12. Bg5 1/2-1/2

[Event "Rusia ch Superfinal"]
[Site "Moscu RUS"]
[Date "2005.12.27"]
[Round "8.3"]
[White "Svidler, Peter"]
[Black "Zvjaginsev, Vadim"]
[Result "1/2-1/2"]
[WhiteElo "2740"]
[BlackElo "2659"]
[PlyCount "63"]
[EventDate "2005.12.19"]
[EventType "tourn"]
[EventRounds "11"]
[EventCountry "RUS"]
[EventCategory "17"]
[Source "lmi"]
[SourceDate "2005.12.30"]

1. e4 c5 2. Nf3 Nc6 3. Bb5 d6 4. Bxc6+ bxc6 5. O-O e5 6. c3 Ne7 7. d4 Ng6 8.
Na3 Be7 9. dxc5 dxc5 10. Be3 Qxd1 11. Rfxd1 Ba6 12. Ne1 Rd8 13. Rxd8+ Kxd8 14.
Nd3 c4 15. Nb4 Bxb4 16. cxb4 Kc7 17. Rd1 Nf4 18. Bxf4 exf4 19. Nb1 Rd8 20. Rxd8
Kxd8 21. Nc3 Ke7 22. Kf1 Kd6 23. Ke2 Ke5 24. Kd2 Bc8 25. b5 cxb5 26. Nxb5 Bd7
27. Na3 Kd4 28. f3 f5 29. e5 c3+ 30. bxc3+ Kxe5 31. Kd3 Kd5 32. c4+ 1/2-1/2

[Event "Rusia ch Superfinal"]
[Site "Moscu RUS"]
[Date "2005.12.28"]
[Round "9.5"]
[White "Bareev, Evgeny"]
[Black "Svidler, Peter"]
[Result "1-0"]
[WhiteElo "2675"]
[BlackElo "2740"]
[PlyCount "73"]
[EventDate "2005.12.19"]
[EventType "tourn"]
[EventRounds "11"]
[EventCountry "RUS"]
[EventCategory "17"]
[Source "lmi"]
[SourceDate "2005.12.30"]

1. d4 Nf6 2. c4 g6 3. Nc3 d5 4. Nf3 Bg7 5. Qb3 dxc4 6. Qxc4 O-O 7. e4 Na6 8.
Be2 c5 9. d5 e6 10. O-O exd5 11. exd5 Nb4 12. Rd1 b6 13. Bg5 h6 14. Bxf6 Bxf6
15. Rd2 Ba6 16. Qb3 Bxe2 17. Nxe2 Qd7 18. Qc4 Rfe8 19. Rad1 a5 20. Nc3 Na6 21.
d6 Nb4 22. a3 Bxc3 23. bxc3 Nc6 24. Rd5 Re6 25. h3 Rae8 26. Qb3 Rb8 27. a4 Rb7
28. Qc4 Kg7 29. Qf4 Rb8 30. Qc4 Rb7 31. Qa2 Qd8 32. d7 Ne7 33. R5d3 Ng8 34. c4
Ne7 35. Qb2+ Kh7 36. Ne5 Kg8 37. Rd6 1-0

[Event "Rusia ch Superfinal"]
[Site "Moscu RUS"]
[Date "2005.12.29"]
[Round "10.4"]
[White "Tomashevsky, Evgeny"]
[Black "Zvjaginsev, Vadim"]
[Result "1-0"]
[WhiteElo "2564"]
[BlackElo "2659"]
[PlyCount "79"]
[EventDate "2005.12.19"]
[EventType "tourn"]
[EventRounds "11"]
[EventCountry "RUS"]
[EventCategory "17"]
[Source "lmi"]
[SourceDate "2005.12.30"]

1. c4 c5 2. Nc3 g6 3. g3 Bg7 4. Bg2 Nc6 5. Rb1 b6 6. Nf3 Bb7 7. O-O h5 8. e3
Nh6 9. d4 Na5 10. b3 Bxf3 11. Qxf3 Nc6 12. Bb2 h4 13. Rfd1 Rc8 14. Ne2 hxg3 15.
hxg3 Nf5 16. Rd2 d6 17. Rbd1 Kf8 18. Nf4 Kg8 19. Bh3 Qd7 20. Qg2 cxd4 21. e4
Kf8 22. exf5 gxf5 23. Qf1 e5 24. Nd5 Qe6 25. Bg2 Ke8 26. Qe2 Kd7 27. b4 Rh6 28.
c5 dxc5 29. bxc5 bxc5 30. Qb5 Bf8 31. Ba3 Rb8 32. Qc4 Qd6 33. Rc2 e4 34. Ne3
Qe6 35. Bxc5 Ke8 36. Bxd4 Nb4 37. Rcd2 Nc6 38. Rc2 Nb4 39. Re2 Be7 40. Bxa7 1-0